| 000 -LEADER |
| fixed length control field |
01049nam a2200217Ia 4500 |
| 003 - CONTROL NUMBER IDENTIFIER |
| control field |
OSt |
| 005 - DATE AND TIME OF LATEST TRANSACTION |
| control field |
20241104142351.0 |
| 007 - PHYSICAL DESCRIPTION FIXED FIELD--GENERAL INFORMATION |
| fixed length control field |
ca aa aaaaa |
| 008 - FIXED-LENGTH DATA ELEMENTS--GENERAL INFORMATION |
| fixed length control field |
201103s9999 xx 000 0 und d |
| 040 ## - CATALOGING SOURCE |
| Transcribing agency |
SSBUL |
| 041 ## - LANGUAGE CODE |
| Language code of text/sound track or separate title |
bur |
| 082 ## - DEWEY DECIMAL CLASSIFICATION NUMBER |
| Edition number |
23 |
| Classification number |
၂၉၄.၃၄၄၃၅ တောင် |
| Item number |
၉၁၂၉ S-SAT |
| 100 0# - MAIN ENTRY--PERSONAL NAME |
| Personal name |
တောင်ဝိုင်းကလေးတိုက်ကျောင်းဘုန်းတော်ကြီး။ |
| 9 (RLIN) |
17258 |
| 245 10 - TITLE STATEMENT |
| Title |
သတိပဋ္ဌာန်ဝိပဿနာလမ်းညွှန်ကျမ်း / |
| Statement of responsibility, etc. |
တောင်ဝိုင်းကလေးတိုက်ကျောင်းဘုန်းတော်ကြီး။ |
| 250 ## - EDITION STATEMENT |
| Edition statement |
ဒုတိယအကြိမ်။ |
| 260 ## - PUBLICATION, DISTRIBUTION, ETC. |
| Place of publication, distribution, etc. |
ရန်ကုန် ၊ |
| Name of publisher, distributor, etc. |
သင့်ဘဝပုံနှိပ်တိုက်၊ |
| Date of publication, distribution, etc. |
၁၉၇၆။ |
| 300 ## - PHYSICAL DESCRIPTION |
| Extent |
တ၊ ၁၁၂ စာမျက်နှာ ၊ |
| Dimensions |
၁၈ စင်တီ။ |
| 500 ## - GENERAL NOTE |
| General note |
S-SAT: Dr. Sai Aung Tun |
| 650 ## - SUBJECT ADDED ENTRY--TOPICAL TERM |
| Topical term or geographic name entry element |
ဝိပဿနာ |
| 942 ## - ADDED ENTRY ELEMENTS (KOHA) |
| Source of classification or shelving scheme |
|
| Koha item type |
Book (Short term) |